Spotrebiteľské správanie na trhu športového tovaru vo vybranej lokalite

Uložené v:
Podrobná bibliografia
Hlavný autor: Meteňko, Anton
Ďalší autori: Merkovská, Gabriela
Médium: Kapitola
Jazyk:Slovak
Tagy: Pridať tag
Žiadne tagy, Buďte prvý, kto otaguje tento záznam!

MARC

LEADER 00000nla$a2200000$$$4500
001 0122913
005 20240502072405.1
041 0 |a slo 
044 |a SK 
245 1 0 |a Spotrebiteľské správanie na trhu športového tovaru vo vybranej lokalite  |c Anton Meteňko, Gabriela Merkovská 
100 1 |a Meteňko, Anton 
700 1 |a Merkovská, Gabriela